Sistemas de información gerencial (Registro nro. 790)

Detalles MARC
000 -LEADER
fixed length control field 01676 a2200253 4500
001 - CONTROL NUMBER
control field 21241
005 - DATE AND TIME OF LATEST TRANSACTION
control field 20260407155503.0
008 - FIXED-LENGTH DATA ELEMENTS--GENERAL INFORMATION
fixed length control field 260407a2012 arg spa d
003 - CONTROL NUMBER IDENTIFIER
control field AR-UNSa-BCEJYS
040 ## - CATALOGING SOURCE
Original cataloging agency AR-UNSa-BCEJYS
Language of cataloging spa
Transcribing agency AR-UNSa-BCEJYS
080 ## - UNIVERSAL DECIMAL CLASSIFICATION NUMBER
Universal Decimal Classification number 658.011.56
Common auxiliary subdivision Automatización
020 ## - INTERNATIONAL STANDARD BOOK NUMBER
International Standard Book Number 978-607-32-0949-6
041 ## - LANGUAGE CODE
Language code of text/sound track or separate title spa
100 1# - MAIN ENTRY--PERSONAL NAME
Personal name Laudon, Kenneth C.
245 10 - TITLE STATEMENT
Title Sistemas de información gerencial
250 ## - EDITION STATEMENT
Edition statement 12a. ed.
264 #1 - PRODUCTION, PUBLICATION, DISTRIBUTION, MANUFACTURE, AND COPYRIGHT NOTICE
Place of production, publication, distribution, manufacture México :
Name of producer, publisher, distributor, manufacturer Pearson Educación
Date of production, publication, distribution, manufacture, or copyright notice 2012
300 ## - PHYSICAL DESCRIPTION
Extent xxix, 557 p.
Dimensions 27 cm.
505 ## - FORMATTED CONTENTS NOTE
Formatted contents note 1. Los sistemas de información en los negocios globales contemporáneos - 2. Comercio electrónico global y colaboración - 3. Sistemas de información, organizaciones y estrategia - 4. Aspectos éticos y sociales en los sistemas de información - 5. Infraestructura de TI y tecnologías emergentes - 6. Fundamentos de inteligencia de negocios: bases de datos y administración de la información - 7. Telecomunicaciones, internet y tecnología inalámbrica - 8. Seguridad en los sistemas de información - 9. Obtención de la excelencia operacional e intimidad con el cliente: aplicaciones empresariales - 10. Comercio electrónico: mercados digitales, productos digitales - 11. Administración del conocimiento - 12. Mejora en la toma de decisiones - 13. Creación de sistemas de información - 14. Administración de proyectos - 15. Managing Global Systems (Administración de sistemas globales)
590 ## - LOCAL NOTE (RLIN)
Local note niveau_biblio:m niveau_hierar:0
700 1# - ADDED ENTRY--PERSONAL NAME
Personal name Laudon, Jane P.
856 41 - ELECTRONIC LOCATION AND ACCESS
Uniform Resource Identifier <a href="https://biblioeco.unsa.edu.ar/pmb/images/libros/Sistemas de Informaci?n Gerencial.jpg">https://biblioeco.unsa.edu.ar/pmb/images/libros/Sistemas de Informaci?n Gerencial.jpg</a>
Link text Imagen de portada
Electronic format type image/jpeg
942 ## - ADDED ENTRY ELEMENTS (KOHA)
Koha item type
Existencias
Withdrawn status Lost status Damaged status Not for loan Home library Current library Shelving location Date acquired Total checkouts Full call number Barcode Date last seen Price effective from Koha item type
        Biblioteca Prof. Eusebio Cleto del Rey Biblioteca Prof. Eusebio Cleto del Rey   07/04/2026   658.011.56 L372 12ed. L119303 07/04/2026 07/04/2026 Libro
        Biblioteca Prof. Eusebio Cleto del Rey Biblioteca Prof. Eusebio Cleto del Rey   07/04/2026   658.011.56 L372 12ed. L119304 07/04/2026 07/04/2026 Libro
        Biblioteca Prof. Eusebio Cleto del Rey Biblioteca Prof. Eusebio Cleto del Rey   07/04/2026   658.011.56 L372 12ed. L119306 07/04/2026 07/04/2026 Libro
        Biblioteca Prof. Eusebio Cleto del Rey Biblioteca Prof. Eusebio Cleto del Rey   07/04/2026   658.011.56 L372 12ed. L119307 07/04/2026 07/04/2026 Libro